[Event "It"]
[Site "masterchessopen.com - Sarajevo (Bosnia & Herzegovina)"]
[Round "11"]
[White "Matulovic Milan (SRB)"]
[Black "Puc Stojan (SLO)"]
[Result "0-1"]
[WhiteElo "2394"]
[BlackElo "2255"]

1.c4 f5 2.Nf3 Nf6 3.d4 e6 4.g3 d6 5.Bg2 Be7 6.O-O O-O 7.Nc3 a5 8.Re1 Ne4 9.Qc2
Nxc3 10.bxc3 Qe8 11.e4 fxe4 12.Qxe4 Qf7 13.Bg5 Bf6 14.Bh3 h6 15.Bxf6 Qxf6
16.Re3 Na6 17.Nh4 Qxf2+ 18.Kh1 Bd7 19.Rf1 Qxf1+ 20.Bxf1 Rxf1+ 21.Kg2 Raf8
22.Rf3 R1xf3 23.Nxf3 Nb8 24.Nh4 Bc6 25.d5 Bd7 26.Ng6 Re8 27.Nf4 e5 28.Ne6 Rxe6
29.Qb1 Re8 30.Qxb7 e4 31.Qxc7 e3 32.Kf1 Bg4 33.Ke1 Nd7 34.h3 Bxh3 35.Qxd6 Ne5
{#R} 0-1

[Event "It"]
[Site "masterchessopen.com - Maribor (Slovenia)"]
[Round "0"]
[White "Reshevsky Samuel H (USA)"]
[Black "Udovcic Mijo (YUG)"]
[Result "1-0"]
[WhiteElo "2430"]
[BlackElo "2460"]

1.d4 f5 2.g3 Nf6 3.Bg2 e6 4.Nf3 Be7 5.O-O O-O 6.c4 d6 7.Nc3 a5 8.Qc2 Nc6 9.e4
Nb4 10.Qe2 fxe4 11.Nxe4 Nxe4 12.Qxe4 e5 13.g4 c6 14.h3 exd4 15.a3 Na6 16.Nxd4
Nc5 17.Qc2 Bf6 18.Be3 a4 19.Rad1 Qe7 20.Rfe1 Qc7 21.Qd2 Qa5 22.Qc2 Be5 23.Nf3
Nb3 24.c5 Qc7 25.cxd6 Bxd6 26.Ng5 g6 27.Qc4+ Kg7 28.Kh1 Be5 29.Bb6 Qxb6
30.Rxe5 Qxf2 31.Rf1 {#r} 1-0

[Event "Zt"]
[Site "masterchessopen.com - Mar del Plata (Argentina)"]
[Round "15"]
[White "Rossetto Hector (ARG)"]
[Black "Alvarez Jose_ (CUB)"]
[Result "1-0"]
[WhiteElo "2285"]
[BlackElo "2368"]

1.c4 f5 2.d4 Nf6 3.Nf3 e6 4.g3 Be7 5.Bg2 O-O 6.O-O d6 7.Nc3 a5 8.b3 Na6 9.Bb2
c6 10.Rc1 Nc7 11.Qc2 Rb8 12.e4 fxe4 13.Nxe4 Nxe4 14.Qxe4 Bf6 15.Qc2 Bd7 16.Nd2
e5 17.dxe5 Bxe5 18.Bxe5 dxe5 19.Qc3 Bf5 20.Nf3 e4 21.Nh4 Bg4 22.Bxe4 Ne6 23.f3
Nd4 24.Qd3 Bh5 25.Rcd1 c5 26.Bxh7+ Kh8 27.Ng6+ Bxg6 28.Bxg6 Qf6 29.Qe4 Rbd8
30.Qg4 Nxf3+ 31.Kh1 Kg8 32.Qh5 {#r} 1-0

[Event "Ch Poland"]
[Site "masterchessopen.com - Poznan (Poland)"]
[Date "1971.02.21"]
[Round "7"]
[White "Sznapik Aleksander (POL)"]
[Black "Bednarski Jacek B (POL)"]
[Result "1-0"]
[WhiteElo "2397"]
[BlackElo "2400"]

1.Nf3 f5 2.c4 Nf6 3.g3 d6 4.d4 e6 5.Bg2 Be7 6.O-O O-O 7.Nc3 a5 8.b3 Na6 9.Bb2
c6 10.a3 Rb8 11.Qd3 Bd7 12.e4 fxe4 13.Nxe4 Nxe4 14.Qxe4 b5 15.Bc1 a4 16.cxb5
Rxb5 17.bxa4 Ra5 18.h4 h6 19.Bd2 Rxa4 20.Rfe1 c5 21.Bxh6 Bf6 22.Ng5 Bxg5
23.Bxg5 Qe8 24.Rad1 e5 25.Qd5+ Be6 26.Qxd6 Qf7 27.Qxe5 Qxf2+ 28.Kh2 Bc4 29.Rf1
Bxf1 30.Rxf1 Qxd4 31.Qe6+ Kh7 32.Rxf8 {#r} 1-0

[Event "Olympiad URS"]
[Site "masterchessopen.com - Moscow (Russia)"]
[Round "3"]
[White "Maslov Leonid P (UZB)"]
[Black "Eropov Ivan"]
[Result "1-0"]
[WhiteElo "2300"]
[BlackElo "2200"]

1.d4 e6 2.g3 f5 3.Bg2 Nf6 4.Nf3 Be7 5.O-O O-O 6.c4 d6 7.Nc3 a5 8.Qc2 Nc6 9.a3
e5 10.dxe5 dxe5 11.Rd1 Qe8 12.Nb5 Bd8 13.Be3 Qh5 14.Bc5 Re8 15.Nd2 e4 16.Nc3
f4 17.Ndxe4 Nxe4 18.Nxe4 fxg3 19.hxg3 Bf5 20.Rd5 Qg6 21.Nf6+ Bxf6 22.Rxf5 Rxe2
23.Qxe2 Qxf5 24.Bd5+ Kh8 25.Re1 Qg6 26.Qe6 Bxb2 27.Qxg6 hxg6 28.Kg2 {#r} 1-0

[Event "It (open)"]
[Site "masterchessopen.com - Bari (Italy)"]
[Round "0"]
[White "Knezevic Milorad (SRB)"]
[Black "Bjelajac Milan (SRB)"]
[Result "1-0"]
[WhiteElo "2212"]
[BlackElo "2370"]

1.d4 e6 2.g3 f5 3.Bg2 Nf6 4.Nf3 Be7 5.O-O O-O 6.c4 d6 7.Nc3 a5 8.e3 c6 9.Qe2
Ne4 10.Nxe4 fxe4 11.Nd2 d5 12.f3 exf3 13.Nxf3 c5 14.Bd2 Nc6 15.Bc3 Bf6 16.dxc5
Qe7 17.Bxf6 Rxf6 18.Nd4 Rxf1+ 19.Rxf1 Qxc5 20.Qf2 Qe7 21.cxd5 Nxd4 22.exd4 Ra6
23.dxe6 Bxe6 24.Bxb7 Rd6 25.Bg2 Bxa2 26.b4 Bd5 27.Re1 Qd7 28.Bxd5+ Rxd5 29.Qa2
{#r} 1-0

[Event "Tournament"]
[Site "masterchessopen.com - Athens (Greece)"]
[Round "2"]
[White "Skembris Spyridon (GRE)"]
[Black "Perifanis Georgios (GRE)"]
[Result "1-0"]
[WhiteElo "2463"]
[BlackElo "2152"]

1.Nf3 f5 2.g3 e6 3.Bg2 Be7 4.d4 Nf6 5.O-O O-O 6.c4 d6 7.Nc3 a5 8.h3 Nc6 9.Re1
Qe8 10.d5 exd5 11.cxd5 Ne5 12.Nd4 Qg6 13.Ncb5 Bd8 14.Qc2 Ne8 15.Kh2 Bd7 16.f4
Nf7 17.e4 Nh6 18.e5 dxe5 19.fxe5 Qb6 20.Qc4 Bxb5 21.Nxb5 Kh8 22.Be3 Qa6 23.Bc5
Rg8 24.Rac1 c6 25.Nd4 b6 26.Qxa6 Rxa6 27.Nxc6 f4 28.gxf4 Bh4 29.Be7 Bxe1
30.Rxe1 Nf5 31.d6 Nxe7 32.Nxe7 Rf8 33.d7 Nc7 34.Nc6 Ne6 35.f5 Nd8 36.Nxd8 Rxd8
37.e6 {#r} 1-0

[Event "?"]
[Site "masterchessopen.com - Kapfenberg (Austria)"]
[Round "0"]
[White "Kochyev Alexander (RUS)"]
[Black "Maric Boris (YUG)"]
[Result "1-0"]
[WhiteElo "2417"]
[BlackElo "1990"]

1.Nf3 f5 2.g3 Nf6 3.Bg2 d6 4.d4 e6 5.O-O Be7 6.c4 O-O 7.Nc3 a5 8.b3 c6 9.Qc2
d5 10.e3 Bd6 11.Bb2 Qe7 12.a3 b6 13.Rfc1 Ne4 14.Ne5 Nxc3 15.Qxc3 Bb7 16.Nd3
Nd7 17.b4 Rfc8 18.Qb3 Ba6 19.cxd5 a4 20.Qxa4 Bxd3 21.Qb3 Be4 22.Rxc6 Bxg2
23.Kxg2 Nf6 24.Rxc8+ Rxc8 25.dxe6 Qb7+ 26.d5 Nxd5 27.Kg1 Be7 28.Rd1 Nf6 29.Rd7
Rc7 30.Rd8+ {#r} 1-0

[Event "?"]
[Site "masterchessopen.com - Barcelona (Spain)"]
[Round "0"]
[White "Raicevic Vladimir (SRB)"]
[Black "Maric Boris (YUG)"]
[Result "0-1"]
[WhiteElo "2089"]
[BlackElo "1990"]

1.c4 f5 2.Nf3 Nf6 3.g3 e6 4.Bg2 Be7 5.O-O O-O 6.d4 d6 7.Nc3 a5 8.Re1 Ne4 9.Qc2
Na6 10.Nxe4 Nb4 11.Qc3 fxe4 12.Nd2 d5 13.e3 c5 14.f3 e5 15.fxe4 exd4 16.exd4
cxd4 17.Qb3 a4 18.Qd1 dxc4 19.Nxc4 Be6 20.Na3 Nxa2 21.Bf4 Qb6 22.Bf1 d3+
23.Be3 Qxb2 24.Qxd3 Qxa3 25.Qxa3 Bxa3 26.Re2 Rac8 27.Rexa2 Bxa2 28.Rxa2 Bc5
29.Bc4+ Kh8 30.Bxc5 Rxc5 31.Bd5 b5 32.Kg2 g6 33.h4 h5 34.g4 Rf4 35.g5 Rxh4
36.Rf2 Rg4+ 37.Kh2 Rxg5 {#R} 0-1

[Event "Ch Denmark (juniors)"]
[Site "masterchessopen.com - Ribe (Denmark)"]
[Round "3"]
[White "Raivio Yrjo (FIN)"]
[Black "Wiedenkeller Michael (SWE)"]
[Result "0-1"]
[WhiteElo "2067"]
[BlackElo "2473"]

1.d4 e6 2.c4 f5 3.Nf3 Nf6 4.g3 Be7 5.Bg2 O-O 6.O-O d6 7.Nc3 a5 8.Qc2 Nc6 9.a3
e5 10.d5 Nb8 11.e4 Nxe4 12.Nxe4 fxe4 13.Nd2 e3 14.fxe3 Rxf1+ 15.Nxf1 Na6 16.e4
Bg5 17.Rb1 Bxc1 18.Rxc1 Bd7 19.b3 Nc5 20.Nd2 Qg5 21.Qc3 b5 22.cxb5 Bxb5 23.Nf3
Qh6 24.Nxe5 Re8 25.Ng4 Qg5 26.Nf2 Nxb3 27.Rb1 a4 28.Qxc7 Qe3 29.Bh3 Nd2 30.Ra1
Rf8 31.Bf5 Nxe4 32.Bxe4 Rxf2 {#R} 0-1

[Event "Ch Germany (team) (North) 1978/79"]
[Site "masterchessopen.com - Germany"]
[Round "0"]
[White "Muender Michael (GER)"]
[Black "Albrecht Rainer (GER)"]
[Result "1-0"]
[WhiteElo "2265"]
[BlackElo "2112"]

1.d4 e6 2.c4 f5 3.Nf3 d6 4.g3 Nf6 5.Bg2 Be7 6.O-O O-O 7.Nc3 a5 8.Rb1 Qe8 9.b3
Na6 10.a3 Bd8 11.b4 axb4 12.axb4 Nb8 13.Qb3 Kh8 14.Bb2 Nc6 15.Ra1 Rxa1 16.Rxa1
e5 17.d5 Ne7 18.Ra8 Qh5 19.c5 f4 20.Qc4 fxg3 21.hxg3 Bd7 22.b5 Nc8 23.Ba3 b6
24.cxd6 Nxd6 25.Qh4 Qxh4 26.gxh4 e4 27.Ng5 Be7 28.Ra7 Nfe8 29.Ne6 Bxe6 30.dxe6
e3 31.fxe3 Bxh4 32.Bc6 Bf6 33.Nd5 Be5 34.Ra8 Kg8 35.e7 {#r} 1-0

[Event "Ch Great Britain"]
[Site "masterchessopen.com - Brighton (England)"]
[Round "5"]
[White "Burnett Jim (ENG)"]
[Black "Lane Gary W (AUS)"]
[Result "0-1"]
[WhiteElo "2148"]
[BlackElo "2369"]

1.d4 f5 2.g3 e6 3.Bg2 Nf6 4.Nf3 Be7 5.O-O O-O 6.c4 d6 7.Nc3 a5 8.Re1 Ne4 9.Qc2
Nc6 10.a3 Nxc3 11.Qxc3 Bf6 12.Be3 Qe8 13.Rad1 e5 14.dxe5 dxe5 15.Qc1 Qg6
16.Kh1 Re8 17.Bc5 e4 18.Ng1 Be6 19.f3 exf3 20.Bxf3 Qf7 21.Bd5 Rad8 22.e4 fxe4
23.Bxe4 Rxd1 24.Qxd1 Bxc4 25.Nf3 g6 26.Kg1 Rd8 27.Qc2 Bd5 28.Bxd5 Qxd5 29.Rf1
a4 30.h4 Qb3 31.Qe4 Qd5 32.Qc2 b5 33.Be3 Ne5 34.Ne1 Ng4 35.Qxc7 Be5 36.Qc5
Nxe3 37.Qxe3 Bd4 {#R} 0-1

[Event "It (w)"]
[Site "masterchessopen.com - Halle (Germany)"]
[Date "1981.06.16"]
[Round "2"]
[White "Kantor Judith"]
[Black "Just Gabriele Dr (GER)"]
[Result "0-1"]
[WhiteElo "2090"]
[BlackElo "1925"]

1.d4 e6 2.Nf3 f5 3.g3 Nf6 4.Bg2 Be7 5.O-O O-O 6.c4 d6 7.Nc3 a5 8.Qc2 Nc6 9.Rd1
Qe8 10.a3 e5 11.d5 Nb8 12.Nb5 Na6 13.e3 Bd7 14.Bf1 Qh5 15.Qe2 f4 16.e4 fxg3
17.fxg3 Bxb5 18.cxb5 Nc5 19.Bg2 Ncxe4 20.Re1 Nc5 21.Qc4 Kh8 22.Be3 e4 23.Nd2
Ng4 24.h3 Nxe3 25.Rxe3 Bg5 26.Re2 Bxd2 27.Rxd2 Qg5 28.Re2 Qxg3 29.Qc3 Nd3
30.Qd4 Nf4 31.Rc2 Nxh3+ 32.Kh1 Nf2+ 33.Kg1 Ng4 {#R} 0-1

[Event "Ch Great Britain"]
[Site "masterchessopen.com - Torquay (England)"]
[Round "3"]
[White "Small Simon (ENG)"]
[Black "Lane Gary W (AUS)"]
[Result "1-0"]
[WhiteElo "2245"]
[BlackElo "2369"]

1.Nf3 f5 2.d4 Nf6 3.g3 e6 4.Bg2 Be7 5.O-O O-O 6.c4 d6 7.Nc3 a5 8.Re1 Ne4
9.Nxe4 fxe4 10.Nd2 d5 11.f3 exf3 12.Nxf3 c5 13.Be3 b6 14.cxd5 exd5 15.dxc5
bxc5 16.Ng5 Rf5 17.h4 Bb7 18.Qb3 Bc6 19.Bf4 h6 20.Ne6 Qd7 21.e4 Ba4 22.Qb6
Rxf4 23.Nxf4 d4 24.e5 Bc6 25.Qb3+ Kh7 26.Bh3 Qb7 27.Bf5+ {#r} 1-0

[Event "Cup Mitropa"]
[Site "masterchessopen.com - Lienz (Austria)"]
[Date "1983.10.23"]
[Round "1"]
[White "Dizdar Goran (CRO)"]
[Black "Kirsch Gerard (LUX)"]
[Result "1-0"]
[WhiteElo "2450"]
[BlackElo "1957"]

1.d4 e6 2.Nf3 f5 3.g3 Nf6 4.Bg2 Be7 5.O-O O-O 6.c4 d6 7.Nc3 a5 8.Bg5 Qe8 9.Re1
Ne4 10.Bxe7 Qxe7 11.Qc2 Nxc3 12.Qxc3 Nd7 13.e4 fxe4 14.Rxe4 Nf6 15.Re2 Qf7
16.Rae1 Qh5 17.Nd2 e5 18.dxe5 Ng4 19.Nf3 Rxf3 20.Qxf3 Qxh2+ 21.Kf1 Nxe5
22.Rxe5 dxe5 23.Qd5+ Kf8 24.Qd8+ {#r} 1-0

[Event "Ch France"]
[Site "masterchessopen.com - Royan (France)"]
[Round "0"]
[White "Lautier Joel (FRA)"]
[Black "Roos Jean-Luc (FRA)"]
[Result "1-0"]
[WhiteElo "2658"]
[BlackElo "2218"]

1.d4 e6 2.c4 f5 3.Nf3 Nf6 4.g3 Be7 5.Bg2 O-O 6.O-O d6 7.Nc3 a5 8.b3 c6 9.Bb2
Na6 10.Re1 Bd7 11.e4 fxe4 12.Nxe4 Nxe4 13.Rxe4 Bf6 14.Qd2 b5 15.Rc1 Qe7 16.h4
bxc4 17.bxc4 c5 18.Ne5 cxd4 19.Nxd7 Qxd7 20.Rxe6 Nc5 21.Rxf6 gxf6 22.Bxa8 Rxa8
23.Qxd4 Rf8 24.Rd1 Nb7 25.c5 Qb5 26.Qd5+ Rf7 27.Bxf6 Qxc5 28.Qe6 Kf8 29.Re1
Kg8 30.Re4 Qc1+ 31.Kh2 Qc6 32.Rg4+ Kf8 33.Be7+ {#r} 1-0

[Event "Ch France"]
[Site "masterchessopen.com - Royan (France)"]
[Round "0"]
[White "Lecuyer Christian (FRA)"]
[Black "Roos Jean-Luc (FRA)"]
[Result "1-0"]
[WhiteElo "2182"]
[BlackElo "2218"]

1.d4 e6 2.c4 f5 3.g3 Nf6 4.Bg2 Be7 5.Nf3 d6 6.O-O O-O 7.Nc3 a5 8.b3 c6 9.Bb2
Na6 10.Re1 d5 11.e3 Bd7 12.Ne5 Be8 13.a3 Bd6 14.f3 b5 15.Ne2 Qb8 16.cxb5 cxb5
17.Nf4 Nc7 18.Rc1 Qb6 19.Re2 Ra6 20.Rec2 Qb7 21.Ned3 Qb8 22.Nc5 Rb6 23.Qe1 b4
24.a4 Qd8 25.Ncd3 Na8 26.Rc8 {#r} 1-0

[Event "It (open)"]
[Site "masterchessopen.com - Budapest (Hungary)"]
[Round "0"]
[White "Marin Mihail (ROM)"]
[Black "Maric Boris (YUG)"]
[Result "1-0"]
[WhiteElo "2480"]
[BlackElo "1990"]

1.d4 f5 2.g3 Nf6 3.Bg2 e6 4.c4 Be7 5.Nf3 d6 6.O-O O-O 7.Nc3 a5 8.b3 Ne4 9.Bb2
Nxc3 10.Bxc3 Bf6 11.Qc2 Nc6 12.d5 Nb4 13.Qd2 e5 14.Ne1 b6 15.a3 Na6 16.b4 a4
17.Nc2 Bd7 18.f4 e4 19.Nd4 Qe8 20.e3 b5 21.cxb5 Bxb5 22.Rfc1 Bxd4 23.Qxd4 Rf7
24.h3 Bd3 25.g4 Qd7 26.gxf5 Qxf5 27.Ra2 Rb8 28.Bf1 c5 29.dxc6 Nc7 30.Bxd3 exd3
31.Rg2 Nb5 32.Rxg7+ Kf8 33.Rxf7+ Qxf7 34.Qxd3 {#r} 1-0

[Event "It (open)"]
[Site "masterchessopen.com - Bad Woerishofen (Germany)"]
[Round "0"]
[White "Rajkovic Dusan (SRB)"]
[Black "Maric Alisa (SRB)"]
[Result "0-1"]
[WhiteElo "2415"]
[BlackElo "2355"]

1.d4 e6 2.g3 f5 3.Bg2 Nf6 4.Nf3 Be7 5.O-O O-O 6.c4 d6 7.Nc3 a5 8.Re1 Ne4 9.Qc2
Nc6 10.Be3 Nxc3 11.Qxc3 Bf6 12.Rad1 Qe8 13.Bg5 e5 14.Bxf6 Rxf6 15.d5 Nb8 16.b3
Nd7 17.a3 Nc5 18.b4 Ne4 19.Qb2 f4 20.Rf1 Qh5 21.Nxe5 Rh6 22.Nf3 Bg4 23.Nh4
Bxe2 24.Bxe4 Bxd1 25.f3 fxg3 26.hxg3 g5 27.Ng2 Re8 28.Qd2 Bb3 29.Qd3 Qh2+
30.Kf2 Rh3 31.Bxh7+ Rxh7 32.Qxb3 Re2+ {#R} 0-1

[Event "It (open) \"]
[Site "masterchessopen.com - Budapest (Hungary)"]
[Round "0"]
[White "Sher Miron N (USA)"]
[Black "Maric Boris (YUG)"]
[Result "1-0"]
[WhiteElo "2410"]
[BlackElo "1990"]

1.c4 f5 2.d4 Nf6 3.g3 e6 4.Bg2 Be7 5.Nf3 d6 6.O-O O-O 7.Nc3 a5 8.Re1 Ne4 9.Qc2
Nc6 10.Be3 Nxc3 11.Qxc3 Bf6 12.c5 Qe8 13.cxd6 cxd6 14.Qa3 Nb4 15.Rac1 Bd7
16.Bg5 Bc6 17.Bxf6 Rxf6 18.Nd2 Bxg2 19.Kxg2 Qb5 20.Nc4 e5 21.dxe5 dxe5 22.Ne3
f4 23.Qb3+ Kh8 24.Ng4 Rg6 25.f3 e4 26.a3 h5 27.Nf2 exf3+ 28.exf3 fxg3 29.hxg3
Qg5 30.Ne4 Qd5 31.Re3 Qxb3 32.Rxb3 Rc6 33.Rxc6 Nxc6 34.Rxb7 Kh7 35.Ng5+ Kh6
36.f4 Ra6 37.Ne6 g6 38.Rc7 {#r} 1-0

[Event "It (open) \"]
[Site "masterchessopen.com - Gausdal (Norway)"]
[Round "0"]
[White "Yndesdal Kjell (NOR)"]
[Black "Eilertsen Jens B (NOR)"]
[Result "0-1"]
[WhiteElo "2159"]
[BlackElo "2262"]

1.d4 f5 2.c4 Nf6 3.g3 e6 4.Bg2 Be7 5.Nf3 O-O 6.O-O d6 7.Nc3 a5 8.b3 Nc6 9.Bb2
Qe8 10.e3 Qh5 11.Qe2 Ne4 12.Rfe1 Nxc3 13.Bxc3 Bf6 14.Qb2 Ne7 15.e4 fxe4
16.Rxe4 Bd7 17.Rae1 a4 18.d5 e5 19.b4 Bf5 20.R4e3 Bg4 21.Nd2 Nf5 22.Re4 Nh6
23.f3 Bd7 24.R4e2 Qg6 25.Ne4 Be7 26.c5 Nf5 27.b5 b6 28.c6 Be8 29.Bd2 Nd4
30.Rf2 a3 31.Qb1 Qh5 32.f4 Bg6 33.Be3 Ra4 34.Bxd4 Rxd4 35.Qb3 exf4 36.Rxf4
Rxf4 37.gxf4 Bxe4 38.Bxe4 Rxe4 {#R} 0-1

[Event "Ch Norway"]
[Site "masterchessopen.com - Randaberg (Norway)"]
[Round "0"]
[White "Bjerke Richard (NOR)"]
[Black "Eilertsen Jens B (NOR)"]
[Result "1-0"]
[WhiteElo "2135"]
[BlackElo "2262"]

1.Nf3 f5 2.d4 Nf6 3.g3 e6 4.Bg2 Be7 5.O-O O-O 6.c4 d6 7.Nc3 a5 8.Qc2 Nc6 9.a3
Qe8 10.e4 fxe4 11.Nxe4 e5 12.dxe5 dxe5 13.Re1 Qh5 14.Nxf6+ Bxf6 15.Be3 Bf5
16.Qb3 Be4 17.Bc5 a4 18.Qe3 Bf5 19.Bxf8 Rxf8 20.Qc5 Re8 21.h4 Qg6 22.Rad1 h6
23.Rd2 Kh8 24.Qe3 Na5 25.Bf1 Nb3 26.Rd5 e4 27.Qf4 exf3 28.Rxe8+ Qxe8 29.Rxf5
Qe1 30.Qxf3 Nd4 31.Qxb7 c6 32.Rxf6 gxf6 33.Qc8+ {#r} 1-0

[Event "Ch Finland (team)"]
[Site "masterchessopen.com - Finland"]
[Round "0"]
[White "Salokangas Hannu (FIN)"]
[Black "Nevanlinna Risto (FIN)"]
[Result "0-1"]
[WhiteElo "2184"]
[BlackElo "2252"]

1.Nf3 f5 2.g3 Nf6 3.Bg2 e6 4.d4 Be7 5.O-O O-O 6.c4 d6 7.Nc3 a5 8.b3 Ne4 9.Qd3
Nxc3 10.Qxc3 Bf6 11.Bb2 Qe8 12.Rad1 Nc6 13.Qd2 Nd8 14.Rfe1 Qg6 15.Qf4 Qh5
16.h4 h6 17.e4 g5 18.Qd2 gxh4 19.Nxh4 f4 20.Nf3 fxg3 21.fxg3 Bg7 22.Qe2 e5
23.dxe5 Bg4 24.Rd3 Nc6 25.Rf1 Nxe5 26.Qe3 Bxf3 27.Bxe5 Bxg2 {#R} 0-1

[Event "It (open)"]
[Site "masterchessopen.com - Leningrad (Russia)"]
[Round "0"]
[White "Hofmann Bernhard (AUT)"]
[Black "Naumkin Igor (RUS)"]
[Result "0-1"]
[WhiteElo "2069"]
[BlackElo "2490"]

1.d4 e6 2.Nf3 f5 3.g3 Nf6 4.Bg2 Be7 5.O-O O-O 6.c4 d6 7.Nc3 a5 8.e3 Qe8 9.Re1
d5 10.c5 Nc6 11.Bf1 Ne4 12.Bb5 Bf6 13.Nxe4 fxe4 14.Ne5 Bxe5 15.dxe5 Qf7 16.Rf1
Nxe5 17.Be2 Bd7 18.Bd2 Qg6 19.f4 exf3 20.Bxf3 Bb5 21.Be2 Bxe2 22.Qxe2 Qe4
23.Rf4 Nf3+ 24.Kf2 Ng5 25.Qg4 e5 26.Qxg5 exf4 27.gxf4 d4 28.Rg1 Rf7 29.Re1 Qc2
{#R} 0-1

[Event "It (open)"]
[Site "masterchessopen.com - Ceske Budejovice (Czech Republic)"]
[Round "0"]
[White "Hrbolka Ladislav Jr (CZE)"]
[Black "Tibensky Robert (SVK)"]
[Result "0-1"]
[WhiteElo "2159"]
[BlackElo "2410"]

1.d4 e6 2.c4 f5 3.Nf3 Nf6 4.g3 Be7 5.Bg2 O-O 6.O-O d6 7.Nc3 a5 8.Qc2 Nc6 9.e4
Nb4 10.Qe2 fxe4 11.Ne1 d5 12.f3 c5 13.Be3 cxd4 14.Bxd4 Nc6 15.Bf2 e3 16.Bxe3
d4 17.Rd1 Bd7 {#R} 0-1

[Event "It (open) \"]
[Site "masterchessopen.com - Hungary"]
[Round "4"]
[White "Kallai Gabor (HUN)"]
[Black "Poluljahov Aleksandr (RUS)"]
[Result "0-1"]
[WhiteElo "2455"]
[BlackElo "2505"]

1.d4 e6 2.c4 f5 3.Nf3 Nf6 4.g3 Be7 5.Bg2 O-O 6.O-O d6 7.Nc3 a5 8.Qc2 Nc6 9.e4
Nb4 10.Qe2 fxe4 11.Nxe4 Nxe4 12.Qxe4 e5 13.g4 h5 14.h3 hxg4 15.hxg4 c6 16.a3
d5 17.cxd5 cxd5 18.Qxe5 Nd3 19.Qh5 Nf4 20.Bxf4 Rxf4 21.Ne5 Ra6 22.Ng6 Rxg6
23.Qxg6 Rxg4 24.Qd3 Bd6 25.Rac1 Rxg2+ 26.Kxg2 Qg5+ 27.Kh1 Bf5 28.Rc8+ Kh7 {#R}
0-1

[Event "?"]
[Site "masterchessopen.com - Milan (Italy)"]
[Round "0"]
[White "Sbarra Marco (ITA)"]
[Black "Vivo Mario (ITA)"]
[Result "0-1"]
[WhiteElo "2227"]
[BlackElo "2148"]

1.Nf3 f5 2.d4 Nf6 3.g3 e6 4.Bg2 Be7 5.O-O O-O 6.c4 d6 7.Nc3 a5 8.Bg5 Qe8 9.Qc2
Qh5 10.Rad1 c6 11.Na4 Nbd7 12.c5 d5 13.a3 Bd8 14.Bf4 Ne4 15.Ne5 g5 16.Nxd7
Bxd7 17.Be5 Be8 18.e3 g4 19.f4 gxf3 20.Bxf3 Qh6 21.Bf4 Bg5 22.Nb6 Bxf4 23.gxf4
Rd8 24.Qe2 Kh8 25.Kh1 Ng3+ {#R} 0-1

[Event "It \"]
[Site "masterchessopen.com - Belgrade (Yugoslavia)"]
[Round "10"]
[White "Nestorovic Dejan (SRB)"]
[Black "Poluljahov Aleksandr (RUS)"]
[Result "0-1"]
[WhiteElo "2390"]
[BlackElo "2515"]

1.d4 e6 2.Nf3 f5 3.g3 Nf6 4.Bg2 Be7 5.O-O O-O 6.c4 d6 7.Nc3 a5 8.Qc2 Nc6 9.e4
Nb4 10.Qe2 fxe4 11.Nxe4 Nxe4 12.Qxe4 e5 13.dxe5 Bf5 14.Qxb7 Rb8 15.Qa7 Bd3
16.Re1 Nc2 17.Qxa5 d5 18.Bg5 Be4 19.Bxe7 Qxe7 20.Nd2 Ra8 21.Qb5 Rfb8 22.Qc6
Bxg2 23.cxd5 Nxe1 24.Rxe1 Bh3 25.Nf3 Rf8 26.d6 cxd6 27.exd6 {#R} 0-1

[Event "It (cat.8)"]
[Site "masterchessopen.com - Bucharest (Romania)"]
[Round "9"]
[White "Nevednichy Vladislav (ROM)"]
[Black "Lupu Mircea-Sergiu (FRA)"]
[Result "0-1"]
[WhiteElo "2495"]
[BlackElo "2437"]

1.d4 f5 2.Nf3 Nf6 3.g3 e6 4.Bg2 Be7 5.O-O O-O 6.c4 d6 7.Nc3 a5 8.Qc2 Qe8 9.e4
fxe4 10.Nxe4 Qh5 11.Re1 Nc6 12.Nxf6+ Bxf6 13.Be3 e5 14.dxe5 Nxe5 15.Nxe5 Bxe5
16.Qd2 Kh8 17.h3 h6 18.g4 Bxg4 19.hxg4 Qh2+ 20.Kf1 {#R} 0-1

[Event "It \"]
[Site "masterchessopen.com - Budapest (Hungary)"]
[Round "7"]
[White "Gyorkos Lajos (HUN)"]
[Black "Roos Jean-Luc (FRA)"]
[Result "1-0"]
[WhiteElo "2395"]
[BlackElo "2218"]

1.d4 e6 2.c4 f5 3.g3 Nf6 4.Bg2 Be7 5.Nf3 O-O 6.O-O d6 7.Nc3 a5 8.Qc2 Nc6 9.d5
Nb4 10.Qd1 e5 11.a3 Na6 12.b4 Bd7 13.Rb1 axb4 14.axb4 Rb8 15.Ba3 Qe8 16.b5 e4
17.bxa6 exf3 18.Bxf3 bxa6 19.Rxb8 Qxb8 20.Qc2 Qb6 21.Rb1 Qa7 22.c5 Ng4 23.Qb3
Bf6 24.e3 Ne5 25.Bg2 dxc5 26.d6+ Kh8 27.dxc7 Qxc7 28.Nd5 Qc8 29.Nxf6 Rxf6
30.Bb2 Re6 31.Bb7 Qc7 32.Bxa6 Rxa6 33.Bxe5 Qxe5 34.Qf7 Qe8 35.Qxd7 Qf8 36.Qxf5
Rf6 37.Qe5 Rf5 {#r} 1-0

[Event "Bundesliga (2nd) West 1992/93"]
[Site "masterchessopen.com - Germany"]
[Round "0"]
[White "Bode Ulf (GER)"]
[Black "Haubt Georg (GER)"]
[Result "1-0"]
[WhiteElo "2220"]
[BlackElo "2233"]

1.d4 f5 2.g3 Nf6 3.Bg2 e6 4.Nf3 Be7 5.O-O O-O 6.c4 d6 7.Nc3 a5 8.Bd2 Nc6 9.Rc1
Ne4 10.d5 Nb4 11.Nxe4 fxe4 12.Nd4 e5 13.Nb5 e3 14.Bxe3 Nxa2 15.Ra1 Nb4 16.Bd2
Bd7 17.Bxb4 axb4 18.Rxa8 Qxa8 19.Nxc7 Qc8 20.Ne6 Bxe6 21.dxe6 Qxc4 22.Qd5 Qxd5
23.Bxd5 Rc8 24.Ra1 g5 25.Ra4 Rc5 26.e4 Rb5 27.Kg2 Kg7 28.Kf3 Kf6 29.Ra8 Rc5
30.Rh8 Kg6 31.Rb8 Rb5 32.h4 h6 33.Rg8+ Kf6 34.h5 {#r} 1-0

[Event "It (open)"]
[Site "masterchessopen.com - Hamburg (Germany)"]
[Round "5"]
[White "Krallmann Matthias (GER)"]
[Black "Fraas Henning (GER)"]
[Result "1-0"]
[WhiteElo "2252"]
[BlackElo "2096"]

1.d4 f5 2.g3 Nf6 3.Bg2 e6 4.Nf3 Be7 5.O-O O-O 6.c4 d6 7.Nc3 a5 8.a3 Qe8 9.b3
Bd8 10.Qd3 e5 11.dxe5 dxe5 12.e4 Na6 13.Be3 c6 14.Rad1 Bc7 15.Qb1 Ng4 16.Bc1
Qh5 17.h3 Nf6 18.Nd2 fxe4 19.Ndxe4 Bxh3 20.Nxf6+ Rxf6 21.Ne4 Rff8 22.Bxh3 Qxh3
23.Ng5 Qh5 24.Kg2 e4 25.Qxe4 Rae8 26.Qb1 Re2 27.b4 axb4 28.axb4 g6 29.Rd7 Qg4
30.Rd3 Qxc4 31.Rd7 Qg4 32.Qb3+ {#r} 1-0

[Event "It"]
[Site "masterchessopen.com - Heraklio (Greece)"]
[Round "6"]
[White "Andrianov Nikolai (RUS)"]
[Black "Petraki Maria (GRE)"]
[Result "1-0"]
[WhiteElo "2412"]
[BlackElo "2034"]

1.d4 e6 2.g3 f5 3.Bg2 Nf6 4.Nf3 Be7 5.O-O O-O 6.c4 d6 7.Nc3 a5 8.Qc2 Nc6 9.a3
e5 10.dxe5 dxe5 11.Rd1 Qe8 12.Nd5 Bd8 13.Be3 Qh5 14.Bc5 Re8 15.b4 f4 16.b5 Nd7
17.bxc6 Nxc5 18.Nxf4 exf4 19.Rd5 Qh6 20.Rxc5 b6 21.Re5 Rf8 22.Qe4 Bf6 23.Re8
Bh3 24.Rxa8 Rxa8 25.Rd1 fxg3 26.hxg3 Rf8 27.Bxh3 Qxh3 28.Rd7 h5 29.Qg6 Qg4
30.Ng5 {#r} 1-0

[Event "It (open) \"]
[Site "masterchessopen.com - Jyvaskyla (Finland)"]
[Round "0"]
[White "Raivio Yrjo (FIN)"]
[Black "Naumkin Igor (RUS)"]
[Result "0-1"]
[WhiteElo "2067"]
[BlackElo "2473"]

1.d4 e6 2.c4 f5 3.g3 Nf6 4.Bg2 Be7 5.Nf3 O-O 6.O-O d6 7.Nc3 a5 8.Re1 Ne4 9.Nd2
Nxc3 10.bxc3 e5 11.e4 f4 12.Nf3 fxg3 13.fxg3 Nc6 14.Be3 Bg4 15.h3 Bxf3 16.Bxf3
Bg5 17.Bf2 Qf6 18.Kg2 Bd2 19.Qxd2 Qxf3+ 20.Kg1 Qh5 21.d5 Ne7 22.Kg2 Rf3 23.Re3
Raf8 24.Rf1 Ng6 25.Qe2 Nf4+ 26.gxf4 Qxh3+ 27.Kg1 Qg4+ {#R} 0-1